A study on the Role of Alternative Dispute Resolution Methods in Reducing the Crisis of Judicial Delays and Arrears with Special Reference to Pondicherry/ (Record no. 194110)

MARC details
000 -LEADER
fixed length control field 00687nam a22001817a 4500
005 - DATE AND TIME OF LATEST TRANSACTION
control field 20240103113320.0
010 ## - LCCN (DPL NO)
LC control number ENG-135782
020 ## - INTERNATIONAL STANDARD BOOK NUMBER
International Standard Book Number 9789381992388
Terms of availability 500.00
035 ## - SYSTEM CONTROL NUMBER
System control number EN-119314
037 ## - SOURCE OF ACQUISITION
Source of stock number/acquisition DBAD/PUB
082 ## - DEWEY DECIMAL CLASSIFICATION NUMBER
Classification number 320.954311
100 ## - MAIN ENTRY--PERSONAL NAME
Personal name Umamaheswari, D.
245 ## - TITLE STATEMENT
Title A study on the Role of Alternative Dispute Resolution Methods in Reducing the Crisis of Judicial Delays and Arrears with Special Reference to Pondicherry/
Statement of responsibility, etc By Arup Kumar Mitra; Debjani Dutta and Lopamudra Roy
300 ## - PHYSICAL DESCRIPTION
Extent xx, 401p.
Dimensions 28cm(pbk)
700 ## - ADDED ENTRY--PERSONAL NAME
Personal name Dutta, Debjani
Relator term Author
9 (RLIN) 60575
700 ## - ADDED ENTRY--PERSONAL NAME
Personal name Roy, Lopamudra
Relator term Author
9 (RLIN) 60576
942 ## - ADDED ENTRY ELEMENTS (KOHA)
Source of classification or shelving scheme Dewey Decimal Classification
Item type English Books
Call number suffix UMA
Classification part 320.954311
Holdings
Withdrawn status Lost status Not for loan Collection code Home library Current library Date acquired Source of acquisition Cost, normal purchase price Full call number Barcode Copy number Cost, replacement price Koha item type
      Non-fiction Ashok Vihar Ashok Vihar 07/12/2022 DBAD/PUB 500.00 320.954311 UMA EN-119314 1 500.00 English Books

© Delhi Public Library
Hit Counter
free hit counter